Efektívny výber daní nie je spravodlivý
Zavedenie rovnej dane na Slovensku. Výhody a nevýhody súčasného daňového systému sa ukážu až v roku 2005. Konkurencia v daňovom prostredí. Tri piliery daňovej reformy. Daňové kánony Adama Smitha. Daňová harmonizácia a aproximácia.
Salvato in:
| Autore principale: | |
|---|---|
| Natura: | Capitolo di libro |
| Lingua: | slovacco |
| Soggetti: | |
| Tags: |
Nessun Tag, puoi essere il primo ad aggiungerne!!
|
MARC
| LEADER | 00000naa$a2200000$$$4500 | ||
|---|---|---|---|
| 001 | 0018405 | ||
| 005 | 20230926071508.7 | ||
| 041 | 0 | |a slo | |
| 044 | |a SK | ||
| 245 | 1 | 0 | |a Efektívny výber daní nie je spravodlivý |c aut. Emil Burák |
| 520 | |a Zavedenie rovnej dane na Slovensku. Výhody a nevýhody súčasného daňového systému sa ukážu až v roku 2005. Konkurencia v daňovom prostredí. Tri piliery daňovej reformy. Daňové kánony Adama Smitha. Daňová harmonizácia a aproximácia. | ||
| 610 | 2 | 0 | |a Slovensko |
| 610 | 2 | 0 | |a reformy daňové |
| 610 | 2 | 0 | |a dane rovné |
| 610 | 2 | 0 | |a systémy daňové |
| 100 | 1 | |a Burák, Emil | |